Introduction to linear system theory (Record no. 3879)

000 -LEADER
fixed length control field 00636nam a2200217 4500
001 - CONTROL NUMBER
control field 3879
003 - CONTROL NUMBER IDENTIFIER
control field BD-DhUET
008 - FIXED-LENGTH DATA ELEMENTS--GENERAL INFORMATION
fixed length control field 700918s1970 nyua b 001 0 eng
020 ## - INTERNATIONAL STANDARD BOOK NUMBER
International Standard Book Number 030771552
040 ## - CATALOGING SOURCE
Original cataloging agency DLC
Transcribing agency DLC
Modifying agency BD-DhUET
082 00 - DEWEY DECIMAL CLASSIFICATION NUMBER
Classification number 620.7
Item number CHE/1970
100 ## - MAIN ENTRY--PERSONAL NAME
Personal name Chen, Chi-Tsong
245 10 - TITLE STATEMENT
Title Introduction to linear system theory
250 ## - EDITION STATEMENT
Edition statement 1st ed.
260 ## - PUBLICATION, DISTRIBUTION, ETC. (IMPRINT)
Place of publication, distribution, etc. New York
Name of publisher, distributor, etc. Holt, Rinehart and Winston
Date of publication, distribution, etc. 1970
300 ## - PHYSICAL DESCRIPTION
Extent xvi,431p.
Other physical details ill.
Dimensions 25 cm.
490 0# - SERIES STATEMENT
Series statement Holt, Rinehart and Winston series in electrical engineering, electronics and systems
504 ## - BIBLIOGRAPHY, ETC. NOTE
Bibliography, etc Includes bibliographies
650 #0 - SUBJECT ADDED ENTRY--TOPICAL TERM
Topical term or geographic name as entry element Linear systems
942 ## - ADDED ENTRY ELEMENTS (KOHA)
Koha item type General Book
Holdings
Not for loan Date acquired Koha date last seen Koha full call number Koha item type Copy number Shelving location Koha normalized classification for sorting Lost status Source of classification or shelving scheme Location (home branch) Sublocation or collection (holding branch) Price effective from Withdrawn status Damaged status Piece designation (barcode)
 2014-11-062014-11-06620.7/CHE/1970General Book1Circulation section620_000000000000000_7CHE1970  Central Library, BUETCentral Library, BUET2014-11-06  49325
 2014-11-062014-11-06620.7/CHE/1970General Book2Circulation section620_000000000000000_7CHE1970  Central Library, BUETCentral Library, BUET2014-11-06  52134
 2014-11-062014-11-06620.7/CHE/1970General Book3Circulation section620_000000000000000_7CHE1970  Central Library, BUETCentral Library, BUET2014-11-06  53055
 2015-01-192015-01-19620.7/CHE/1970General Book1Circulation section620_700000000000000_CHE_1970  Central Library, BUETCentral Library, BUET2015-01-19  52135